Исследование законодательств северных династий

Библиографические подробности
Главный автор: Гуан Исин
Примечания:Книга на китайском языке.
Язык:китайский
Опубликовано: Пекин, Китай, 2005
Серии:Новое издание китайской истории
Предметы:
Формат: Книга
Запись в KOHA:https://koha.lib.tpu.ru/cgi-bin/koha/opac-detail.pl?biblionumber=118359

MARC

LEADER 00000nam0a2200000 4500
001 118359
005 20231101215451.0
010 |a 7101043399 
035 |a (RuTPU)RU\TPU\book\128079 
090 |a 118359 
100 |a 20070609d2005 km y0rusy50 ea 
101 0 |a chi 
102 |a CN 
105 |a y z 000zy 
200 1 |a Исследование законодательств северных династий  |f Гуан Исин 
210 |a Пекин  |c Китай  |d 2005 
215 |a 267 с. 
225 1 |a Новое издание китайской истории 
300 |a Книга на китайском языке. 
606 1 |a Государство и право зарубежных стран  |2 stltpush  |3 (RuTPU)RU\TPU\subj\8393  |9 35810 
610 1 |a право 
610 1 |a законодательство 
610 1 |a законы 
610 1 |a Китай 
610 1 |a династии 
610 1 |a история 
610 1 |a реформы 
686 |a Х63(5Кит)  |v LBC/SL-A  |2 rubbk 
700 0 |a Гуан Исин 
801 1 |a RU  |b 63413507  |c 20070609  |g PSBO 
801 2 |a RU  |b 63413507  |c 20220602  |g PSBO 
942 |c BK